000 00159 a2200085 4500
041 _aeng
100 _aSiminovich,Gillingham
245 _aIn my Pond
942 _cBK
999 _c31822
_d31820